Statistics for Nordic Countries and Capitals

Click here to take the quiz!

General Stats

  • This quiz has been taken 13,626 times
  • The average score is 10 of 10

Answer Stats

Answer % Correct
Norway
100%
Sweden
100%
Finland
99%
Denmark
99%
Oslo
98%
Iceland
97%
Stockholm
96%
Copenhagen
96%
Helsinki
95%
Reykjavík
92%

Score Distribution

Percentile by Number Answered

Percent of People with Each Score

Your Score History

You have not taken this quiz